| 000 | 00663cam a22002053a 4500 | ||
|---|---|---|---|
| 001 | 39219 | ||
| 003 | PGUSA | ||
| 005 | 20140828083854.0 | ||
| 008 | 120321s2012||||xxu|||||s|||||000 | eng d | ||
| 040 |
_aPGUSA _beng |
||
| 042 | _adc | ||
| 100 | 1 | _aMcCarty, Louis Philippe | |
| 245 | 1 | 0 |
_aHealth, Happiness, and Longevity : _bHealth without medicine: happiness without money: the result, longevity _h[electronic resource] / _cLouis Philippe McCarty |
| 260 |
_bProject Gutenberg, _c2012 |
||
| 506 | _aPublic domain in the USA. | ||
| 516 | _aElectronic text | ||
| 830 | 0 |
_aProject Gutenberg _v39219 |
|
| 856 | 4 | 0 | _uhttp://www.gutenberg.org/ebooks/39219 |
| 942 | _cEB | ||
| 999 |
_c268472 _d268472 |
||